[Event "Liberec Region-chT 2223"]
[Site "Czech Republic"]
[Date "2022.12.11"]
[Round "5.7"]
[White "Matous, Bedrich"]
[Black "Tancer, Miroslav"]
[Result "1/2-1/2"]
[WhiteElo "1884"]
[BlackElo "1648"]
[PlyCount "35"]
[EventDate "2022.10.09"]
[EventType "team-tourn"]
[EventRounds "11"]
[EventCountry "CZE"]
[SourceTitle "EXT 2024"]
[Source "ChessBase"]
[SourceDate "2023.10.10"]
[SourceVersion "1"]
[SourceVersionDate "2023.10.10"]
[SourceQuality "1"]

1. d4 d5 2. Nf3 e6 3. c4 Nf6 4. Nc3 Be7 5. e3 0-0 6. Bd3 b6 7. 0-0 Bb7 8. b3 Nbd7 9. Bb2 c5 10. Rc1 Rc8 11. Re1 Re8 12. e4 dxe4 13. Nxe4 Nxe4 14. Bxe4 Bxe4 15. Rxe4 cxd4 16. Rxd4 Rc7 17. Rd3 Qc8 18. Qe2 1/2-1/2